000 00782nam a2200229Ii 4500
003 JO-AjNU
008 230605s9999||||xx |||||||||||||| ||und||
017 _a1999/3029
020 _a977-19-8066-1
040 _aJO-AjNU
_bara
_erda
_cJO-AjNU
041 _aara
050 1 4 _aPJ7842.A425.A15 1999
100 3 _aتأليف رضوان،رضوان جامع,
_eauthor
_915786
245 0 0 _aمن قصص القرآن العظيم: قصص بني إسرائيل في القرآن
250 _aط1
264 3 1 _aالقاهرة:مكتب نور الشرق،1999
300 _a152ص
336 _atext
_btxt
_2rdacontent
337 _aunmediated
_bn
_2rdamedia
338 _avolume
_bnc
_2rdacarrier
650 4 _aالأدب العربي - قصص القرآن - بني إسرائيل
_915787
999 _aA4539
_c8107
_d8107